Générique Courage, le chien froussard - Paroles - Statistiques

Statistiques générales
  • Ce quiz a été pris 11 fois
  • Le résultat moyen est 14 sur 16
Statistiques - réponses
Paroles % Correct
Abandonné alors qu'il n'était qu'un {chiot}
100%
Abruti de {chien} !
100%
Courage, le chien {froussard}
100%
Et Courage tient entre ses {pattes}
100%
Il a été {recueilli} par Murielle
100%
Le chien {froussard}
100%
L'histoire de {Courage}
100%
Nous interrompons ce {programme}
100%
Avec son {mari} Eustache Eubagge
91%
Des choses affreuses à Nulle-{Part}
91%
La survie de son nouveau {foyer}
91%
Mais il se {passe}
91%
Qui habite Nulle-{Part}
91%
T'as fait croire que j'étais {méchant} !
64%
Avec en {vedette}
55%
Pour vous {présenter}
45%
Aucun quiz correspondant
Distribution des résultats
% des personnes avec chaque résultat
Percentile par nombre de réponses
Votre historique - résultats
Vous n’avez pas pris ce quiz